000
00274nam a2200133Ia 4500
100
_a
Gupta &Hira
942
_c
BK
654
_a
Research
245
_a
Operation Research
260
_b
S.Chand & C0
_a
NewDelhi
_c
1983
082
_a
658.4
300
_a
918
546
_a
ENGLISH
999
_c
35516
_d
35516